000 00618nam a2200241Ia 4500
003 OSt
005 20220926042938.0
006 a|||||r|||| 00| 0
007 ta
008 220923b |||||||| |||| 00| 0 eng d
037 _cGeneral Book
040 _aRTL
_cRTL
_beng
041 _2eng
_aeng
082 _aXM5:(Z2).N6, K4
110 _aINDIA INVESTMENT CENTRE
_9272680
245 0 _aCompany Law
260 _c1964
490 _aInvesting in India,5
650 _aCompany Law
700 _aINDIA INVESTMENT CENTRE
_9272681
942 _hXM5:(Z2).N6, K4
_cGB
_2CC
999 _c670989
_d670989